[Event "Dyfed Open"]
[Site "Fishguard"]
[Date "2017.02.25"]
[Round "2"]
[White "Leah, Howard"]
[Black "Jones, Huw"]
[Result "1/2-1/2"]
[WhiteElo "1518"]
[BlackElo "1707"]
[Annotator "Rudy"]
[PlyCount "48"]
[EventDate "2017.02.24"]
[EventType "swiss"]
[EventRounds "5"]
[EventCountry "WLS"]

1. e4 e6 2. d4 d5 3. Nc3 Bb4 4. e5 c5 5. a3 Bxc3+ 6. bxc3 Ne7 7. Qg4 Qc7 8.
Qxg7 Rg8 9. Qxh7 cxd4 10. Ne2 dxc3 (10... Nbc6) 11. Bf4 (11. f4 {main}) (11.
Qd3) 11... Bd7 (11... Nbc6 {main}) 12. Nd4 $14 {Komodo10} (12. Qd3) (12. Bg3 {
played}) 12... a6 13. Be2 (13. Bd3) 13... Nbc6 14. Nxc6 (14. Nf5 $5 {Komodo10}
exf5 (14... Nxe5 15. Nxe7 Kxe7 16. Bg3 Raf8 17. O-O $14) 15. e6 Qxf4 16. exf7+
Kf8 17. fxg8=Q+ Nxg8 18. Qxd7 Re8 19. Qxd5 Nd4 20. O-O Nxe2+ 21. Kh1 Re7 $17 {
Komodo10}) 14... Bxc6 15. O-O d4 $11 16. Bg3 O-O-O 17. Qxf7 Bd5 18. Rfd1 Rgf8
19. Qh7 Rh8 20. Qd3 Nf5 21. Bf3 (21. Bg4 Nxg3 22. Qxg3 Bc4 $11 {Komodo10})
21... Bc4 22. Qe4 Bd5 (22... d3 $1 $17 23. Rab1 (23. cxd3 Bd5 24. Qg4 Bxf3 25.
Qxf3 Nd4 26. Qe4 (26. Qe3 Nc2 27. Qf3 Nxa1 28. Rxa1 Kb8 $19) 26... c2 27. Re1
Kb8 28. Rac1 Qc3 $19 {Komodo10}) 23... Rd4 24. Rxb7 Rxe4 25. Rxc7+ Kxc7 26.
Bxe4 d2 $17 {Komodo10}) 23. Qe2 Nxg3 24. fxg3 (24. hxg3 $2 Bxf3 25. gxf3 Qh7
26. Qc4+ Kb8 27. Kf1 Qxc2 $19 {Komodo10}) 24... Bc4 $11 {(draw?)} (24... Qh7 {
could be tried} 25. h4 Bxf3 26. gxf3 Rdg8 27. Kf2 Rxg3 $1 28. Rxd4 (28. Kxg3
Qxh4+ 29. Kg2 Rg8+ 30. Kf1 Qh1+ 31. Kf2 Rg2#) 28... Qg7 29. Qc4+ Kb8 30. Rg4
$11 {Komodo10}) 1/2-1/2

[Event "Dyfed Open"]
[Site "Fishguard"]
[Date "2017.02.25"]
[Round "2"]
[White "Jansen van Rensburg, Leon"]
[Black "Horrell, Stephen A"]
[Result "0-1"]
[WhiteElo "1700"]
[BlackElo "1461"]
[Annotator "Rudy"]
[PlyCount "84"]
[EventDate "2017.02.24"]
[EventType "swiss"]
[EventRounds "5"]
[EventCountry "WLS"]

1. e4 e6 2. d3 d5 3. Nd2 Nf6 4. g3 c5 5. Bg2 d4 {tricky- getting into a Kings
Indian, with Wh an extra move ( 2 if Wh encourages Bl to play e5, which loses
another tempo)} (5... Nc6 {main}) 6. e5 (6. Ngf3 {main}) (6. f4 Nc6 7. Ngf3 {
also with a good King's Indian for Wh}) 6... Nd5 7. Ngf3 (7. Ne4) 7... Nc6 8.
O-O Be7 9. Re1 O-O 10. h4 Qc7 (10... f5) 11. Nf1 f5 (11... b5 12. N1h2 Bb7 13.
Ng4 Rad8 14. Ng5 h6 15. Ne4 Nxe5 16. Nxe5 Qxe5 17. Nxc5 Qc7 18. Nxb7 Qxb7 19.
Qg4 Kh8 20. Qxd4 {Dukaczewski-Nizam, Linares blind 2003,1-0}) 12. exf6 Nxf6 (
12... Bxf6 13. N1d2 Ne5 14. Ng5 Qe7 15. Qe2 h6 16. Nde4 Bd7 (16... hxg5 17.
hxg5 $16) 17. Nxf6+ Qxf6 18. Nxe6 (18. f4 $16) 18... Bxe6 19. f4 Nxd3 (19...
Qg6 $11) 20. Qxe6+ Qxe6 21. Rxe6 N3b4 $14 {Zhao Xue-Choukourova, Wld ch girls
U14 , Oropesa del Mar 1998,1-0}) 13. Bf4 Bd6 14. Bd2 $2 {retreating & creating
a traffic jam} (14. Bxd6 Qxd6 15. N1d2 $16 {Bl has weak centre pawns & wh
squares}) 14... Ng4 (14... h6 $15) 15. Ng5 e5 (15... Nxf2 $17 16. Qh5 g6 17.
Qe2 e5 {Komodo10}) 16. Ne4 $11 Bd7 17. Nh2 Nf6 18. Bg5 Nxe4 19. Bxe4 Be6 (19...
Bf5) 20. Qh5 Bf5 21. Bd5+ Kh8 22. Ng4 $2 {another traffic jam} (22. a3 $11 c4
23. dxc4 Bxc2 24. b4 Rae8 {Komodo10}) 22... Bg6 $19 23. Qh6 (23. Qxg6 {is a
bit better}) 23... gxh6 24. Nxh6 Be7 25. Bd2 Bf6 26. Rf1 Qd7 27. Bg2 Bg7 28.
Rae1 Rae8 29. a3 Ne7 30. f3 Nd5 31. Ng4 Bf5 32. Nf2 h5 33. Re2 Re6 34. Rfe1 Bh6
35. Bg5 Bxg5 36. hxg5 Ne3 37. Ne4 Bxe4 38. dxe4 Nxg2 39. Kxg2 Qg7 40. Rh1 Qxg5
41. g4 Rh6 42. Kf2 hxg4 (42... Rxf3+ {mates in 5 ( 4 if the R is taken) ;
Komodo10}) 0-1

[Event "Dyfed Open"]
[Site "Fishguard"]
[Date "2017.02.25"]
[Round "3"]
[White "Strugnell, Carl"]
[Black "Byway, Paul V"]
[Result "1-0"]
[WhiteElo "2255"]
[BlackElo "2054"]
[Annotator "Rudy"]
[PlyCount "71"]
[EventDate "2017.02.24"]
[EventType "swiss"]
[EventRounds "5"]
[EventCountry "WLS"]

1. e4 c5 2. Nf3 e6 3. Nc3 Nc6 4. d4 cxd4 5. Nxd4 Nf6 6. Nxc6 bxc6 7. e5 Nd5 8.
Ne4 c5 {improves one B, but worsens the other ( nothing in chess is easy)} (
8... Qc7) (8... f5) (8... Qa5+ {main lines}) 9. Be2 (9. c4) 9... Bb7 10. O-O
Rc8 $146 (10... Qc7 11. Nd6+ Bxd6 12. exd6 Qc6 13. f3 {main}) 11. a4 (11. Bf3
c4 $14) 11... Ne3 (11... Nb4 12. Nd6+ Bxd6 13. exd6 $14 {Cloud Engines}) 12.
Bxe3 Bxe4 13. Ba6 Rb8 14. Bb5 Qc7 15. Qg4 (15. b3 $14 {Komodo10}) 15... Bc6 {
Komodo10} (15... Bxc2 16. Qc4 a6 $11 {Komodo10.1}) 16. c4 (16. Rfd1 Bxb5 17.
axb5 Rxb5 18. b3 $14 {Komodo10}) 16... h5 17. Qg5 h4 18. Qg4 Qb7 19. h3 $14 a6
20. Bxc6 Qxc6 21. Rfd1 (21. Rab1 $14) 21... Rxb2 22. Rab1 (22. Rd3 $14) (22.
Bg5 $14) 22... Rb4 23. Bd2 a5 (23... g6 $11 {both Engines} 24. Bxb4 cxb4 25.
Rd3 Bc5) 24. Bxb4 cxb4 25. Rd3 $16 Rh6 26. Qf3 (26. Kf1) 26... Qxf3 27. gxf3
$14 {keeps the pressure on the d file} Rh5 28. f4 (28. Rbd1 $16) 28... Rf5 (
28... g6 $11) 29. Rbd1 Rxf4 (29... d6 {both Engines} 30. exd6 Kd7 31. Re1 Rc5
32. Re5 Rxc4 33. Rxa5 Bxd6 34. Kg2 $16) 30. Rxd7 $18 Be7 (30... f6 31. Rd8+ Kf7
32. R1d7+ Kg8 33. Rb7 fxe5 34. Rbb8 $18 {Bl must also deal with a c pawn
advance}) (30... Bc5 31. Rd8+ Ke7 32. R1d7#) 31. Rb7 Bc5 32. Rb8+ Ke7 33. Rbd8
Bxf2+ 34. Kg2 Bd4 35. R1xd4 Rxd4 36. Rxd4 1-0

[Event "Dyfed Open"]
[Site "Fishguard"]
[Date "2017.02.25"]
[Round "3"]
[White "Jones, Iolo C"]
[Black "Spencer, Douglas"]
[Result "1-0"]
[WhiteElo "2181"]
[BlackElo "1962"]
[Annotator "Rudy"]
[PlyCount "117"]
[EventDate "2017.02.24"]
[EventType "swiss"]
[EventRounds "5"]
[EventCountry "WLS"]

1. d4 d5 2. Nf3 c6 3. c4 e6 4. e3 Nf6 5. Nc3 Be7 (5... Nbd7 6. Bd3 dxc4 {Meran
var}) 6. Bd3 Nbd7 7. O-O O-O 8. Qc2 (8. b3) 8... h6 9. Bd2 (9. b3 {main}) 9...
b6 (9... dxc4 10. Bxc4 b5 {has been played}) 10. e4 dxe4 11. Nxe4 Bb7 12. Rad1
$146 {Deep Fritz14} (12. Bc3 c5 13. Rad1 Qc7 14. Ne5 Nxe5 15. dxe5 Ng4 16. Rfe1
f5 {Toth-Lorincz, Fuzesabony op 1995,0-1}) (12. Ne5 c5 13. Nxd7 Qxd7 14. Nxf6+
Bxf6 15. dxc5 Qc6 16. f3 Qxc5+ 17. Kh1 Rfd8 {Stengl-Kasik, Plzen op 2009 ,0-1})
12... c5 13. dxc5 bxc5 14. Bc3 Qc7 15. Rfe1 Rfd8 16. Rd2 Nxe4 17. Bxe4 Bxe4 (
17... Bf6 $11) 18. Qxe4 (18. Rxe4) 18... Bf6 $11 19. Qc2 Bxc3 20. Qxc3 Nf6 $11
21. h3 Rxd2 22. Nxd2 Rd8 23. Nb3 Rd6 $11 {(draw?)} 24. Qe3 Nd7 25. Qf3 Nb6 26.
Qe2 Na4 27. Rb1 (27. g3) 27... Qd8 28. Kh2 Rd3 29. g3 Rd6 30. Qe3 Qc7 (30...
Qg5 $11) 31. Nd2 Rd7 (31... Nb6 $11 {Komodo10}) (31... Rd4 $11 {Fritz13}) 32.
b3 Nb6 33. Re1 Rd4 34. Nf3 Rd6 35. Re2 Nc8 (35... Nd7 {both Engines}) 36. Ne5
Ne7 37. Qe4 Nf5 38. Qa8+ Rd8 39. Qc6 Qxc6 (39... Qb6 {both Engines}) 40. Nxc6
Rd7 $11 41. Ne5 Rd1 42. Kg2 Kf8 43. Rb2 {after a long wait ( 20 moves since
the draw offer), Wh decides to make some use of his Q side majority} Ne7 (43...
f6 44. Nc6 Rd7 45. Nb8 Rc7 46. b4 cxb4 47. Rxb4 a5 48. Ra4 e5 $11 (48... Rc8
49. Na6 Nd4 $11 {Komodo10})) 44. b4 f6 45. Ng4 (45. Nf3) 45... cxb4 46. Rxb4
Nc6 (46... Ke8 47. Rb8+ Rd8 48. Rb7 Rd7 $11 {Komodo10}) 47. Rb7 Na5 (47... Rd2
48. Rc7 Nb4 49. Rxa7 Rxa2 $11 {Komodo10}) 48. Rc7 Rd2 49. Ne3 Rxa2 (49... a6
$11 {both Engines}) 50. Rxa7 $16 Ra3 51. Rc7 (51. Nc2 $1 $18 {both Engines} Rc3
(51... Ra4 52. Nd4 Kg8 53. Nxe6 g5 54. Ra8+ Kh7 55. c5 Re4 56. Ra7+ Kg8 57. Nd8
Nc4 58. c6 $18) 52. Nd4 Nxc4 53. Nxe6+ Ke8 54. Nxg7+ Kf8 55. Ne6+ Ke8 56. Nc7+
Kf8 57. Nd5 Rc2 58. Nxf6 $18 {Komodo10}) 51... Rc3 $11 (51... Nb3 52. g4 Nd2
53. c5 Rc3 54. c6 Ne4 $11 {Komodo10}) 52. Rc5 Nb3 53. Rc8+ Ke7 (53... Kf7 54.
Rc7+ Kg6 $11) 54. Rc7+ Kd6 $2 {giving away a vital pawn in the link} (54... Kf8
$11) 55. Rxg7 $16 Nd2 56. Rg4 (56. Rg6 {the passed R pawn will be far more
dangerous than the c pawn ever was}) 56... Kc5 (56... Ke5) 57. Rh4 Nxc4 (57...
Rb3 58. Rxh6 Ne4 59. Rh4 f5 60. g4 $16) 58. Nxc4 Rxc4 59. Rxh6 $18 1-0

[Event "Dyfed Open"]
[Site "Fishguard"]
[Date "2017.02.25"]
[Round "3"]
[White "May, Adam J"]
[Black "Richmond, Jane"]
[Result "1/2-1/2"]
[WhiteElo "1922"]
[BlackElo "2126"]
[Annotator "Rudy"]
[PlyCount "67"]
[EventDate "2017.02.24"]
[EventType "swiss"]
[EventRounds "5"]
[EventCountry "WLS"]

1. c4 e5 2. g3 Nc6 3. Nc3 g6 4. Bg2 Bg7 5. e4 d6 6. Nge2 h5 7. h4 Bg4 8. f3 Be6
9. d3 Qd7 10. Bg5 (10. Nd5) 10... a6 $146 (10... f6) (10... Nce7) 11. Qd2 Rb8
12. Nd5 b6 $5 (12... b5) 13. Rd1 b5 14. b3 a5 (14... f6 15. Be3 Nge7 $14) 15.
Be3 (15. cxb5 Rxb5 16. Rc1 $14 {pressure down c file}) 15... Nge7 16. d4 exd4
17. Nxd4 bxc4 18. bxc4 O-O $11 19. Nxe7+ Nxe7 20. Nxe6 Qxe6 21. Bd4 (21. O-O
$11) 21... Bxd4 (21... Qxc4 22. Bxg7 Kxg7 23. Rc1 Qb5 24. Qc3+ Kg8 25. Bf1 Qb6
26. Rh2 c6 $17 {Komodo10}) 22. Qxd4 Nc6 (22... Nf5 $1 $19 {Komodo10} 23. Qc3 (
23. Qf2 Qxc4 $19) 23... Nxg3 $19) 23. Qd5 Ne5 $17 (23... Rb2 $17) 24. c5 Rb2 (
24... Qxd5 25. Rxd5 Rb1+ 26. Ke2 Rb2+ 27. Rd2 Rfb8 $17 {Komodo10}) 25. Qxe6
fxe6 26. O-O dxc5 $17 27. Rf2 Rxf2 (27... Rfb8) (27... Rb4) 28. Kxf2 $11 c4 29.
f4 Nd3+ 30. Ke3 Nb2 (30... e5 31. Bf1 exf4+ 32. gxf4 Nxf4 33. Bxc4+ Kg7 34. Rg1
$11) 31. Rc1 (31. Rd7 Rf7 $11) 31... Rd8 32. Bf1 c3 33. Be2 Na4 34. Bb5 {
(draw?)} (34. Rd1 Rb8 $11 (34... Rxd1 35. Bxd1 $16)) 1/2-1/2

[Event "Dyfed Open"]
[Site "Fishguard"]
[Date "2017.02.25"]
[Round "3"]
[White "Miles, Richard"]
[Black "Kett, Tim"]
[Result "0-1"]
[WhiteElo "1983"]
[BlackElo "2193"]
[Annotator "Rudy"]
[PlyCount "66"]
[EventDate "2017.02.24"]
[EventType "swiss"]
[EventRounds "5"]
[EventCountry "WLS"]

1. d4 Nf6 2. c4 e6 3. Nf3 c5 4. d5 exd5 5. cxd5 d6 6. Nc3 a6 7. a4 g6 8. e4 Bg7
(8... Bg4 {most frequent}) 9. h3 O-O 10. Bd3 Nfd7 (10... Nbd7 {main}) 11. O-O (
11. Bf4 Qe7) 11... Ne5 12. Nxe5 (12. Bc2 f5 13. Nxe5 Bxe5 14. exf5 Bxf5 15.
Bxf5 Rxf5 16. Be3 Qf6 {Foord-Juciute, Uxbridge YM 2010,0-1}) 12... Bxe5 13. f4
(13. Bh6) (13. Be3) 13... Bd4+ (13... Bf6 14. Kh1 Nd7 15. Qf3 Rb8 16. Be3 Qc7
17. e5 dxe5 18. f5 {Shariyazdanov-Sherstboev, RUS cup, Tomsk 1998,1-0}) 14. Kh1
f5 (14... Re8 15. Qf3 Nd7 16. e5 dxe5 17. f5 {Lillieoren-Hanison, Theme corr
2000,1-0}) 15. exf5 (15. Ra3 $14 {Komodo10}) 15... Bxf5 16. Bxf5 Rxf5 17. g4 (
17. Ne4 Nd7 (17... Rxd5 18. Qb3 $18) 18. g4 (18. Nxd6 Rxd5 19. Qb3 Nb6 20. Nxb7
c4 21. Nxd8 cxb3 22. Ne6 $14) 18... Rf8 19. Ng5 Qf6 20. Ne6 Rf7 $11 {Komodo10})
17... Rf8 18. Ne4 Qh4 19. Ra3 Nd7 20. Ng5 Nf6 (20... h5 21. Ne6 hxg4 22. Nxf8
Rxf8 23. Qxg4 Qxg4 24. hxg4 Nb6 25. Rb3 c4 26. Ra3 Bg7 27. Rd1 $16 {Komodo10})
21. Ne6 (21. Kg2 $16 {Fritz13 & Komodo10}) 21... Ne4 (21... Rf7 22. Kg2 $16)
22. Nxd4 (22. Qf3 $18 {both Engines} Nf2+ (22... Nf6 23. f5 h6 24. Rb3 $18) 23.
Kg2 Rf7 24. Nxd4 Nxg4 25. Qxg4 Qxg4+ 26. hxg4 cxd4 27. Rd3 $18 {Komodo10})
22... cxd4 23. Kg2 $11 {(draw?)} Rac8 24. Bd2 (24. Rd3 Qf6 25. Bd2 $11 {
Komodo10}) (24. Qxd4 Rc2+ 25. Kg1 Ng3 26. Qd3 Nxf1 27. Qxc2 Qe1 $15 {Fritz13})
24... Rf7 25. Be1 Qf6 26. Bf2 (26. Rd3 $11 {both Engines} Rfc7 27. Rxd4 Rc1 28.
Qd3 R8c2+ 29. Kg1 Nc5 30. Qe3 Rxb2 31. Rb4 Rxb4 32. Bxb4 Rxf1+ 33. Kxf1 Qa1+
34. Kg2 Qb2+ 35. Kg3 Qxb4 36. Qe8+ Kg7 37. Qe7+ {perpetual}) 26... Qxf4 $19 27.
Bg3 (27. Bxd4 Rc2+ 28. Qxc2 Qxf1+ 29. Kh2 Ng5 30. h4 Qf4+ 31. Kg2 Qxg4+ 32. Rg3
Qxd4 $19 (32... Qxh4 $19 {Komodo10})) 27... Rc2+ (27... Qxf1+ 28. Qxf1 Rc2+ 29.
Kg1 Rxf1+ 30. Kxf1 Rxb2 $19 {Komodo10}) 28. Qxc2 (28. Kg1 {best}) 28... Qxf1+
29. Kh2 Nxg3 (29... Nf2 {both Engines, even stronger}) 30. Kxg3 Qg1+ 31. Kh4 (
31. Qg2 Qe1+ 32. Kh2 Rf2) 31... Qe1+ 32. Kg5 Qe7+ 33. Kh6 Qh4# 0-1

[Event "Dyfed Open"]
[Site "Fishguard"]
[Date "2017.02.25"]
[Round "3"]
[White "Bourne, Johnathan D"]
[Black "May, Frank"]
[Result "1/2-1/2"]
[WhiteElo "1948"]
[BlackElo "2103"]
[Annotator "Rudy"]
[PlyCount "40"]
[EventDate "2017.02.24"]
[EventType "swiss"]
[EventRounds "5"]
[EventCountry "WLS"]

1. e4 Nf6 2. e5 Nd5 3. d4 d6 4. Nf3 dxe5 5. Nxe5 c6 6. Be2 Nd7 7. Nf3 g6 8. O-O
Bg7 9. c4 Nc7 10. Nc3 O-O 11. Be3 a6 (11... e5 {main}) (11... b6) (11... Nf6)
12. a4 (12. Rc1 b5 13. b3 Bb7 14. Qd2 Rc8 15. Rfd1 $14 {Groetz-Wiley, Brno
2003,1-0}) 12... a5 (12... e5 13. d5 cxd5 14. cxd5 Ne8 15. d6 h6 16. Rc1 Nef6
17. h3 Re8 18. Qb3 $16 {Apicella-Miles , Linares zt 1995,1-0}) 13. Qc1 Na6 (
13... e5 $11 {Komodo10}) 14. Rd1 Nb4 15. d5 Qe8 (15... Qc7) 16. Bh6 Nf6 17.
Bxg7 Kxg7 18. Qf4 Nd7 (18... Bf5 19. Nd4 Bd7 $11 {Komodo10}) 19. Rd2 e5 20.
dxe6 {( draw?)} fxe6 $18 (20... Qxe6 21. Ne4 $16) (20... fxe6 21. Qh4 (21. Qe3
Qe7 22. Rad1 e5 23. Ne4 Nf6 24. Nd6 (24. Nxf6 Qxf6 25. Nxe5 $18) 24... Bf5 25.
Nxf5+ gxf5 26. Nxe5 $18) 21... e5 22. Ne4 Nf6 23. Nxf6 Rxf6 24. Rad1 Rf4 25.
Rd8 Qf7 26. Qg3 Qe7 27. h4 $18 {Komodo10}) 1/2-1/2

[Event "Dyfed Open"]
[Site "Fishguard"]
[Date "2017.02.28"]
[Round "3"]
[White "Heap, Gerry"]
[Black "Van Kemenade, Rudy"]
[Result "1-0"]
[WhiteElo "2072"]
[BlackElo "1947"]
[Annotator "Rudy"]
[PlyCount "75"]
[EventDate "2017.02.24"]
[EventType "swiss"]
[EventRounds "5"]
[EventCountry "WLS"]

1. c4 e5 2. Nc3 Nc6 3. g3 f5 4. Bg2 Nf6 5. d3 h6 6. Rb1 $146 (6. e3 g5 7. f4 d6
8. Nge2 Bg7 9. O-O O-O {D Jones- Van Kemenade, WCPL 2014, 1/2-1/2}) 6... a5 7.
a3 d6 (7... Bc5 {considered} 8. e3 d6 9. Nge2 O-O 10. O-O Qe8 11. d4 Ba7 $14 {
pm analysis}) 8. b4 axb4 9. axb4 g5 (9... g6) 10. b5 Nd4 (10... Ne7) 11. e3 Ne6
12. Nd5 Bg7 13. Nxf6+ Qxf6 14. Qh5+ Qf7 (14... Kf8 {considered} 15. Qd1 h5 $11
{pm analysis}) 15. Qxf7+ Kxf7 $17 16. Ne2 Nc5 {overlooked by Wh} 17. Kd2 Ra2+
18. Rb2 Ra3 (18... Ra1 {considered & pm analysis}) 19. d4 Nd3 (19... Nb3+ {
first idea} 20. Kc2 Nxc1 21. Rxc1 e4 $15) (19... exd4 20. exd4 (20. Nxd4 Bxd4 (
20... Re8 $17 {Komodo10}) (20... Ne4+ $17 {also considered}) 21. exd4 Nb3+ 22.
Kd1 Nxc1 (22... Re8) (22... Nxd4 23. Rd2 $18) 23. Kxc1 Re8 $15) 20... Nb3+ {
wins a pawn, pm analysis} 21. Kc3 Nxc1+ 22. Kb4 Nxe2 23. Kxa3 Nxd4 $19) (19...
Rd3+ 20. Kc2 exd4 21. exd4 Bxd4 22. Nxd4 Rxd4 23. Bd5+ {Gerry Komodo10} Be6 24.
Be3 Rg4 25. h3 Bxd5 26. cxd5 Rc4+ 27. Kb1 Re8 $17 {Komodo10}) 20. Rc2 (20. Rb1
Nxc1 21. Rhxc1 Ra2+ 22. Rc2 Rxc2+ 23. Kxc2 Be6 $11 {Komodo10}) 20... Nxc1 (
20... Rb3 $11 {considered; Komodo10}) 21. Rhxc1 e4 (21... Rd8 $11 {Komodo10})
22. Nc3 c6 (22... g4 {Gerry}) 23. f3 exf3 (23... f4 $15 {Komodo10} 24. bxc6
bxc6 25. gxf4 gxf4 26. fxe4 fxe3+ 27. Kxe3 c5 28. d5 Be5 $15 (28... Rg8 $15)) (
23... c5 24. dxc5 exf3 25. Bxf3 dxc5 26. Nd5 g4 27. Bg2 Re8 $15 {Komodo10}) 24.
Bxf3 Bd7 (24... c5 $11) 25. Rb2 f4 (25... Rc8 26. bxc6 bxc6 27. Rb7 Ke7 $11 {
Komodo10}) 26. gxf4 gxf4 (26... c5 $11 {Komodo10}) 27. bxc6 fxe3+ 28. Kxe3 bxc6
29. Rb7 Re8+ 30. Kd2 (30. Kf4 Re7 31. Rxd7 (31. Bh5+ Kg8 $15) 31... Rxd7 32.
Bxc6 $11 {Komodo10}) 30... Re7 (30... Bxd4 $1 {Komodo10, considered & pm
analysis} 31. Rxd7+ (31. Bh5+ Kg8 {pm analysis} (31... Ke7 32. Re1+ Be5 33.
Bxe8 Kxe8 34. Ne4 Kd8 35. Rf1 Ra2+ 36. Ke3 Kc8 37. Rfb1 d5 38. cxd5 cxd5 39.
Nc5 Bf5 40. R1b6 Ra3+ $11 {Komodo10} (40... Rxh2 41. Rf7 Rh3+ 42. Kd2 Rh2+ 43.
Ke3 Bh3 (43... Rh3+ 44. Kf2 Bd4+ 45. Kg2 Bxc5 46. Rc6+ Kb8 47. Rxf5 Rc3 48.
Rxd5 Bd4 49. Rxh6 Rc2+ 50. Kf3 Ba7 51. Rd7 Rc7 52. Rhh7 Bb6 $11 {Nalimov &
Komodo10}))) 32. Rxd7 (32. Bxe8 Bxe8 33. Rc7 h5 $11 {Komodo10}) 32... Be3+ 33.
Kc2 Bxc1 34. Bxe8 $18) 31... Kf8 $1 32. Bh5 Be3+ 33. Kc2 Bxc1 34. Bxe8 Kxe8 35.
Rxd6 Bf4 36. Rxc6 Kd7 37. Rg6 Bxh2 38. Rxh6 Be5 $14) 31. Rf1 Bxd4 {too late} (
31... Bf6 {considered & pm analysis suggests drawn} 32. Ne4 {looked at} (32.
Rxd7 $1 Rxd7 33. Bxc6 Rda7 34. Nd5 Rh3 35. Rxf6+ Kg7 36. Rf2 Ra2+ 37. Ke1 Rxh2
38. Rxh2 Rxh2 39. Ne3 $16 {Komodo10}) 32... Bxd4 $11 {the difference with the
text is that the N can't get to d5} (32... Ra2+ {Komodo10} 33. Kc3 Kg7 34. Nxd6
(34. Nxf6 Re3+ 35. Kb4 c5+ 36. dxc5 Ra4#) 34... Re3+ 35. Kb4 Rb2+ 36. Kc5 Rxb7
37. Nxb7 Rd3 $11 {Komodo10}) 33. Bg4+ (33. Bh5+ Kg7 34. Nxd6 Ra2+ 35. Kd3 c5
$11) 33... Kg8 34. Bxd7 Rxe4 35. Bxc6 Rf4 $11 {pm analysis & Komodo10}) 32.
Bxc6+ $18 Kg7 (32... Kg8 33. Nd5 Ra2+ 34. Kd3 Ree2 35. Kxd4 Red2+ 36. Ke3 (36.
Kc3) 36... Re2+ 37. Kf4 Bxc6 38. Ne7+ Rxe7 39. Rxe7 Rc2 40. Kf5 Rxc4 41. Kg6
Rg4+ 42. Kxh6 Rh4+ 43. Kg6 Rg4+ (43... Rxh2 44. Rg7+ Kh8 45. Rf8#) 44. Kh5 Rd4
45. Rf6 $18 {Komodo10}) 33. Nd5 Bxc6 34. Rxe7+ Kg6 (34... Kg8 {and Bl gets
stuck on the back rank, but may be best try} 35. Rb1 Rf3 36. Rc7 Bxd5 37. Rb8+
Rf8 38. Rxf8+ Kxf8 39. cxd5 $18) 35. Re6+ Kg5 36. Rxd6 Be8 37. Rf8 (37. h4+)
37... Bh5 (37... Bg6 {hoping for a R pepetual} 38. h4+ Kh5 39. Nf4+ $18) 38.
h4+ {wins a B} 1-0

[Event "Dyfed Open"]
[Site "Fishguard"]
[Date "2017.02.25"]
[Round "3"]
[White "Hewitt, William"]
[Black "Bevan, Peter M"]
[Result "1-0"]
[WhiteElo "2033"]
[BlackElo "1917"]
[Annotator "Rudy"]
[PlyCount "77"]
[EventDate "2017.02.24"]
[EventType "swiss"]
[EventRounds "5"]
[EventCountry "WLS"]

1. e4 d5 2. exd5 Nf6 3. d4 Bg4 4. Bb5+ (4. Be2) (4. f3) 4... Nbd7 5. f3 Bf5 6.
Nc3 (6. c4) 6... a6 7. Ba4 {main} (7. Bd3) 7... b5 8. Bb3 Nb6 9. Nge2 Nbxd5 10.
Nxd5 Nxd5 11. O-O e6 12. Ng3 Bg6 13. f4 Be7 (13... c5 {main}) (13... f5) 14.
Qf3 (14. f5 {played, 5.5-1.5}) 14... f5 15. Re1 Qd7 16. Bd2 O-O $2 (16... Rd8
17. c3 O-O $11) 17. Rxe6 $1 Bf7 (17... c6) 18. Qxd5 $18 Qxd5 19. Bxd5 Bxe6 20.
Bxe6+ Kh8 21. Bxf5 (21. Nxf5) 21... Rad8 (21... Bh4) 22. Be3 Bh4 (22... Bf6)
23. Bd3 (23. Be6) 23... Bf6 24. Ne2 c5 25. c3 (25. dxc5 Bxb2 26. Rb1 Bf6 27.
Kf2 $18 {Komodo10}) 25... Rfe8 26. Kf2 Re7 27. b3 Rde8 28. Bd2 b4 29. Rc1 bxc3
30. Bxc3 (30. Rxc3 cxd4 31. Rc6 Re6 32. Rxe6 Rxe6 33. f5 Rc6 34. Nf4 $18 {also;
Komodo10}) 30... cxd4 31. Bd2 $18 (31. Nxd4 Rd7 32. Bxa6 Bxd4+ 33. Bxd4 Rxd4
34. Kf3 $14) 31... Re6 32. b4 (32. Rc7) 32... g6 33. a4 Ra8 34. Rc4 Rd6 35. Kf3
(35. Ng3) 35... Rb8 36. Ng3 Rdb6 37. Ne4 Be7 38. a5 (38. Nc5) (38. Be1) 38...
R6b7 39. Nc5 1-0

[Event "Dyfed Open"]
[Site "Fishguard"]
[Date "2017.02.25"]
[Round "3"]
[White "Powell, Lloyd"]
[Black "Greatorex, Roger"]
[Result "1-0"]
[WhiteElo "2088"]
[BlackElo "1820"]
[Annotator "Rudy"]
[PlyCount "71"]
[EventDate "2017.02.24"]
[EventType "swiss"]
[EventRounds "5"]
[EventCountry "WLS"]

1. d4 e5 2. dxe5 Nc6 3. Nf3 Qe7 4. Nbd2 (4. Nc3 {main}) 4... Nxe5 5. g3 (5.
Nxe5 Qxe5 6. Nf3 {main}) 5... Nxf3+ 6. Nxf3 c6 (6... Nf6) (6... g6 {played}) 7.
Bg2 d5 8. O-O f5 {Bl is getting behind in development} 9. c4 $16 Nf6 10. cxd5
Nxd5 11. e4 (11. Bg5 $16) 11... fxe4 12. Re1 Bg4 13. Qd4 (13. h3) (13. Qc2)
13... Nf6 (13... O-O-O 14. Qxa7 Qc5 15. Qxc5 Bxc5 16. Rxe4 Nf6 17. Re1 Rhf8 $11
{Komodo10; Bl's lead in development is worth a pawn}) 14. Bg5 c5 15. Qc3 (15.
Qa4+ Bd7 16. Qc2 O-O-O 17. Nd2 $18 {Komodo10; its now Bl whose development lags
}) 15... O-O-O 16. Nd2 Rd3 (16... h6 17. Bxf6 Qxf6 18. Qc2 Kb8 $14 {Komodo10})
17. Qc2 $18 Qd7 18. Nxe4 Nxe4 19. Bxe4 Rd4 20. Be3 Rxe4 {the R has nowhere
sensible to go} 21. Qxe4 Bf5 22. Qc4 Be6 23. Qe2 Bg4 24. f3 Bf5 25. Rac1 (25.
Rad1) 25... b6 26. Bf4 Qd4+ 27. Kg2 Kb7 28. Rcd1 Qf6 29. Rd2 (29. Qe8) 29...
Qc6 30. Qe8 g5 31. Qf7+ Ka6 32. Qxf5 (32. Bb8) 32... gxf4 33. Qe5 (33. Qf7)
33... Rg8 34. Qe8 Qh6 35. Qa4+ Kb7 36. Rd7+ 1-0